5.000 problemas de análisis matemático

Uloženo v:
Podrobná bibliografie
Hlavní autor: Demidovich, Boris Pavlovich (Autor)
Médium: Kniha
Jazyk:španělština
Vydáno: Madrid, España. Thomson, 2002
Vydání:9a. ed
Témata:
On-line přístup:Disponible Online
Tagy: Přidat tag
Žádné tagy, Buďte první, kdo vytvoří štítek k tomuto záznamu!

MARC

LEADER 00000cam a2200000 a 4500
001 UCL2629
003 CL-VaPUC
005 20231128171145.0
008 031031e20020000SP |||||||||||||||||spa|d
999 |c 305886  |d 305884 
020 |a  9788428308557 
040 |c Pontificia Universidad Católica de Valparaíso 
082 0 4 |a 515 DEM 2002  |2 21 
100 0 |a Demidovich, Boris Pavlovich  |e author  |9 479739 
245 1 0 |a 5.000 problemas de análisis matemático 
250 |a 9a. ed 
260 |a Madrid, España.  |b Thomson,  |c 2002 
300 |a 600 páginas 
583 |a last modification  |c 20150417 17:45:02  |k Rodrigo Vera 
650 0 |a Análisis matemático   |9 260146 
856 |u http://bibliografiadigital.pucv.cl.pucv.idm.oclc.org/index.php/bibliotecapucv/catalog/book/824  |y Disponible Online  
942 |c BK  |2 ddc 
945 |d 20031031 00:00:00  |a cmena 
952 |0 0  |1 0  |2 ddc  |4 0  |6 515_000000000000000_DEM_2002  |7 0  |8 A  |9 370409  |a BIBING  |b BIBING  |c RES  |d 2019-11-21  |i 3957322  |o 515 DEM 2002  |p 3957322  |r 2025-01-20  |w 2019-11-21  |y BK  |k EIE 
952 |0 0  |1 0  |2 ddc  |4 0  |6 515_000000000000000_DEM_2002  |7 0  |8 A  |9 370410  |a BIBING  |b BIBING  |c RES  |d 2019-11-21  |i 3957330  |o 515 DEM 2002  |p 3957330  |r 2025-01-20  |w 2019-11-21  |y BK  |k EIE 
952 |0 0  |1 0  |2 ddc  |4 0  |6 515_000000000000000_DEM_2002  |7 0  |8 A  |9 370411  |a BIBING  |b BIBING  |c RES  |d 2019-11-21  |i 4271068  |o 515 DEM 2002  |p 4271068  |r 2025-01-20  |w 2019-11-21  |y BK  |k EIE 
952 |0 0  |1 0  |2 ddc  |4 0  |6 515_000000000000000_DEM_2002  |7 0  |8 A  |9 370412  |a BIBING  |b BIBING  |c RES  |d 2019-11-21  |i 4271076  |o 515 DEM 2002  |p 4271076  |r 2025-01-20  |w 2019-11-21  |y BK  |k EIE 
952 |0 0  |1 0  |2 ddc  |4 0  |6 515_000000000000000_DEM_2002  |7 0  |8 A  |9 370413  |a BIBING  |b BIBING  |c RES  |d 2019-11-21  |i 4271084  |l 1  |m 1  |o 515 DEM 2002  |p 4271084  |r 2025-01-20  |s 2023-05-02  |w 2019-11-21  |y BK  |k EIE 
952 |0 0  |1 0  |2 ddc  |4 0  |6 515_000000000000000_DEM_2002  |7 0  |8 A  |9 370414  |a BIBING  |b BIBING  |c RES  |d 2019-11-21  |i 4271092  |o 515 DEM 2002  |p 4271092  |r 2025-01-20  |w 2019-11-21  |y BK  |k EIE 
952 |0 0  |1 0  |2 ddc  |4 0  |6 515_000000000000000_DEM_2002  |7 0  |8 A  |9 370415  |a BIBING  |b BIBING  |c RES  |d 2019-11-21  |i 4910400  |l 1  |o 515 DEM 2002  |p 4910400  |r 2025-01-20  |s 2024-03-13  |w 2019-11-21  |y BK  |k EIE